000 00403nam a2200169Ia 4500
008 230125s9999 xx 000 0 und d
020 _a978-81-309-1757-3
041 _aeng
082 _a658.1511
_bRIL
100 _aRiley P
_9107055
245 _aAccounts
260 _c2011
_bViva Books
_aMumbai
300 _a254p
500 _aEconomics
650 _aEconomics
_9107056
700 _aRiley P
_9107055
999 _c84364
_d84364